000 01977cam a22005294i 4500
003 PE-LiUPU
005 20250731165559.0
008 150625s r 000 0 d
020 _a9972540677
035 _a(Sirsi) i9789972540677
040 _aPE-LiUPU
_bspa
_cPE-LiUPU
_erda
049 _aPRUA
082 0 4 _a070.44
_bA93
_221
100 1 _aAyala Calderón, Kristhian,
_d1975- ,
_eautor.
245 1 3 _aEl periodismo cultural y el de espectáculos /
_cKristhian Ayala Calderón y Enrique León Huamán.
264 1 _aLima :
_bUniversidad de San Martín de Porres, Escuela Profesional de Ciencias de la Comunicación, Instituto de Investigaciones,
_c2000.
300 _a218 páginas :
_bilustraciones, facsíms. ;
_c21 centímetros
336 _atext
_2rdacontent
337 _aunmediated
_2rdamedia
338 _avolume
_2rdacarrier
490 0 _aPrensa
504 _aBibliografía: p. [213]-218.
505 0 _aLa cultura. -El periodismo cultural. -el espectáculo. -La crítica. -Retomando conceptos.
526 _aSEG44
526 _aSEG26
526 _aP151
526 _aP150
526 _aP149
526 _aP146
526 _aP145
526 _aP126
526 _aP125
526 _aP92
526 _aP75
526 _aP74
526 _aP27
526 _aP15
541 _g001-0000486;
650 0 4 _aPeriodismo de opinión
_zPerú.
650 0 4 _aPeriodistas
_xEtica profesional.
700 1 _aLeón Huamán, Enrique,
_d1974- ,
_eautor.
942 _2ddc
_cBOOK
949 _a070.44 A93
_wDEWEY
_c1
_i56389
_d2016-6-28
_e2016-6-23
_lCCODEBUL1
_mBUL
_n3
_p6.00
_r0
_sY
_tBOOK
_u2015-6-25
_xEDUCACION
_PP07
_0COMPRA
_o.STAFF. Colección General
994 _aC0
_bPEPRU
596 _a1
999 _a070.44 A93
_wDEWEY
_c45640
_i56389
_d45640
_e2018-10-31
_f2021-11-30
_g5
_lCCODEBUL1
_mBUL
_n6
_p6.00
_r0
_sY
_tBOOK
_u2015-6-25
_xEDUCACION
_PP07
_0COMPRA
_o.STAFF. Colección General
980 _81
_gALBERTO SANCHEZ Responsable de Automatización